Municípios da Região Metropolitana de Fortaleza (CE) no mapa - Statistics

Estatísticas Gerais
  • Esse quiz foi jogado 261 vezes
  • A pontuação média é 11 de 19
Respostas no mapa
Respostas codificadas por cores de uma escala verde-vermelha no mapa do quiz de acordo com a % correta abaixo.
 
Estatísticas das Respostas
Município % Correto
Fortaleza
95%
Caucaia
90%
Maracanaú
86%
Aquiraz
80%
Eusébio
73%
Maranguape
70%
Horizonte
60%
Cascavel
59%
Pacatuba
57%
Pacajus
55%
São Gonçalo do Amarante
55%
Itaitinga
51%
Pindoretama
48%
Trairi
44%
Paracuru
42%
Chorozinho
40%
Guaiúba
36%
Paraipaba
35%
São Luís do Curu
27%
Nenhum quiz correspondente encontrado
Distribuição das Pontuações
Porcentagem de Pessoas com Cada Pontuação
Percentil de Números Respondidos
Sua Pontuação Histórica
Você não jogou esse quiz